Ngữ pháp tiếng anh : Giới từ, trạng từ và cách dùng

Uloženo v:
Podrobná bibliografie
Hlavní autor: John Easwood ... [et al.]
Médium: Kniha
Jazyk:Undetermined
Vydáno: H. Thanh Niên 2002
Témata:
Tagy: Přidat tag
Žádné tagy, Buďte první, kdo otaguje tento záznam!
Thư viện lưu trữ: Trung tâm Học liệu Trường Đại học Cần Thơ
LEADER 00622nam a2200193Ia 4500
001 CTU_54787
008 210402s9999 xx 000 0 und d
020 |b 32000 
082 |a 425 
082 |b Ng550 
100 |a John Easwood ... [et al.] 
245 0 |a Ngữ pháp tiếng anh : Giới từ, trạng từ và cách dùng 
245 0 |c John Easwood ... [et al.]; Vũ Mạnh Tường chú giải 
260 |a H. 
260 |b Thanh Niên 
260 |c 2002 
650 |a english language,english language 
650 |x preposition,adverb 
980 |a Trung tâm Học liệu Trường Đại học Cần Thơ